| 000 | 00560nam a2200181Ia 4500 | ||
|---|---|---|---|
| 001 | 23821 | ||
| 005 | 20260414151003.0 | ||
| 008 | 260414t2013||||xx |||||||||||||| ||spa|| | ||
| 041 | _aESP | ||
| 082 |
_a711.4 _bN29 |
||
| 100 |
_aNavarro Vera, José Ramón _eAUT |
||
| 245 | 0 |
_aGolf y territorio : _bestudio sobre el impacto de los campos de golf y actuaciones urbanísticas asociadas en la Comunidad Valenciana y la Región de Murcia |
|
| 260 | _c2013 | ||
| 300 |
_a141 páginas : _c24 cm. |
||
| 650 | _aABD | ||
| 654 | _aCAU | ||
| 942 |
_cLIB _dJUS _fJUS _2ddc _n |
||
| 999 |
_c23821 _d23821 |
||